| 000 | 00639nam a2200193Ia 4500 | ||
|---|---|---|---|
| 005 | 20250509120657.0 | ||
| 008 | 240825s9999 xx 000 0 und d | ||
| 020 |
_a9788131605493 _qhbk |
||
| 041 | _aeng | ||
| 082 |
_a305.42 _bGRU |
||
| 100 | _aGrusky, Dravid B. | ||
| 245 | 4 |
_aThe Inequality Reader; contemporary and foundational readings in Race class and gender _c/ David B. Grusky and Szonja Szelenyi |
|
| 250 | _a25 c m. | ||
| 260 |
_bRawat Publication _c2012 _aJaipur |
||
| 300 |
_a766p _c25. cm |
||
| 504 | _aindex | ||
| 650 | _aSocial Inequality; Inequality at the Extremes; Racial and Ethnic Inequality | ||
| 942 | _cREF | ||
| 999 |
_c541104 _d541104 |
||